000 01376cam a22003615a 4500
001 1137
005 20230803125919.0
008 010125s1994 ilua c 000 1 eng d
020 _a0766607135
040 _aDVA
_cDVA
_dDLC
_dWaU
_dFISKH
_beng
050 _aPZ7.G78
082 _a843.8
100 1 _aGrund, Diane Flynn.
245 1 0 _a20,000 leagues under the sea /
_cby Jules Verne ; adapted by Diane Flynn Grund.
260 _aNew York :
_bModern Publishing,
_c1994.
300 _a189 pages. :
_billustrations ;
_c24 cm.
490 _aTreasury of Illustrated Classics
505 _aK
520 _aAn adaptation of the nineteenth-century science fiction tale of an electric submarine, its eccentric captain, and the undersea world, which anticipated many of the scientific achievements of the twentieth century.
521 _a610
_bLexile estimate
521 _aK
_bRaz-Plus
650 0 _aSubmarines (Ships)
_vJuvenile fiction.
650 0 _aUnderwater exploration
_vJuvenile fiction.
650 1 _aSea stories.
650 1 _aSubmarines (Ships)
_vFiction.
650 1 _aScience fiction.
655 7 _aSea stories.
_2lcsh
655 7 _aScience fiction.
_2gsafd
655 7 _aChildren's stories.
_2lcsh
700 1 _aVerne, Jules,
_d1828-1905.
_tVingt mille lieues sous les mers.
906 _a0
_bibc
_ccopycat
_d3
_encip
_f20
_gy-gencatlg
942 _2ddc
_cBK
_n0
999 _c1137
_d1137